000
00489nam a2200145Ia 4500
008
090124s9999 xx 000 0 und d
082
_b
201929
245
_a
बहुजन समाजाचे शिल्पकार
250
_a
1
260
_b
बागल माधवराव
_c
1966
300
_a
203
630
_a
बहुजन समाजाचे शिल्पकार
730
_a
बहुजन समाजाचे शिल्पकार
942
_c
BOOK
999
_c
183510
_d
183510